000 01518cas a2200457 a 4500
001 11388543
003 OSt
005 20210414113847.0
007 t|
008 890406c19869999iaugr 0 a0eng c
010 _a 91648360
022 0 _a1056-6848
_21
035 _a(OCoLC)ocm19503245
037 _bMcGraw-Hill/Dushkin Co., 2460 Kerper Blvd., Dubuque, Iowa, 52001
040 _aCtManC
_cCtManC
_dDLC
_dNSDP
_dDLC
_dNSDP
_dDLC
_dInU
_dCLU
_dInU
_dCaQQL
_dOCoLC
042 _apcc
_ansdp
043 _aaw-----
050 0 0 _aDS41.G56
082 0 0 _a956
_220
100 _aSpencer,William
130 0 _aGlobal studies.
210 0 _aGlob. stud., Middle East
222 0 _aGlobal studies. Middle East
245 0 0 _aGlobal studies - The Middle East /
246 3 0 _aMiddle East
260 _aGuilford, Conn. :
_bDushkin Pub. Group,
300 _ax, 261p.
_bill., maps ;
_c28 cm.
310 _aBiennial
362 1 _aBegan with 1st ed. in 1986.
490 1 _aAnnual editions publication
500 _aIncludes bibliographical references and index.
505 _aContents: The Middle East: Cradle of Islam -- The Middle East: Theatre of conflict: Country reports -- Articles from the World Press
590 _aSERBIB/SERLOC merged record
651 0 _aMiddle East
_vPeriodicals.
651 6 _aMoyen-Orient
_vPériodiques.
700 1 _aSpencer, William,
_d1922-
830 0 _aAnnual editions.
906 _a7
_bcbc
_cserials
_d2
_encip
_f19
_gn-oclcserc
942 _2lcc
_cBK
999 _c142
_d7642